书目信息 |
| 题名: |
大学核心英语词汇练习册
|
|
| 作者: | 张彦斌 , 郑树棠 , 杨惠中 主编 | |
| 分册: | 第三册 | |
| 出版信息: | 北京 高等教育出版社 1988.5 |
|
| 页数: | 336页 | |
| 开本: | 20cm | |
| 丛书名: | ||
| 单 册: | ||
| 中图分类: | H313.1 , H31 | |
| 科图分类: | ||
| 主题词: | 英语-词汇--高等学校--习题 , 词汇-英语--高等学校--习题 | |
| 电子资源: | ||
| ISBN: | 7-04-000940-4 | |
| 000 | 00997nam0 2200289 45 | |
| 001 | 0188019894 | |
| 005 | 20060811085308.00 | |
| 010 | @a7-04-000940-4@dCNY2.30 | |
| 020 | @aCN@b88019894 | |
| 100 | @a19910417d1988 k y0chiy0120 ea | |
| 101 | 0 | @aeng |
| 102 | @aCN@b110000 | |
| 105 | @ay z 000yy | |
| 106 | @az | |
| 200 | 10 | @a大学核心英语词汇练习册@Ada xue he xin ying yu ci hui lian xi ce@dCOLLEGE CORE ENGLISH:VOCABULARY WORKBOOK@zeng@h第三册@f杨惠中,张彦斌主编@Fyang hui zhong , zhang yan bin zhu bian@g郑树棠编写 |
| 210 | @a北京@c高等教育出版社@d1988.5 | |
| 215 | @a336页@d20cm | |
| 540 | 1 | @a大学核心英语词汇练习册@Ada xue he xin ying yu ci hui lian xi ce |
| 606 | @a英语-词汇@x高等学校@x习题 | |
| 606 | @a词汇-英语@x高等学校@x习题 | |
| 690 | @aH313.1@v1980 | |
| 690 | @aH31@v3 | |
| 701 | 0 | @a张彦斌@Azhang yan bin@4主编 |
| 701 | 0 | @a郑树棠@Azheng shu tang@4编写 |
| 701 | 0 | @a杨惠中@Ayang hui zhong@4主编 |
| 801 | 0 | @aCN@bTSSF@c20060811 |
| 905 | @a10447@dH31@e308:1(3) | |
| 大学核心英语词汇练习册=COLLEGE CORE ENGLISH:VOCABULARY WORKBOOK.第三册/杨惠中,张彦斌主编/郑树棠编写.-北京:高等教育出版社,1988.5 |
| 336页;20cm |
| ISBN 7-04-000940-4:CNY2.30 |
| ● |
| 相关链接 |
|
|
|
|
正题名:大学核心英语词汇练习册
索取号:H31/308:1(3)
 
预约/预借
| 序号 | 登录号 | 条形码 | 馆藏地/架位号 | 状态 | 备注 |
| 1 | 0455470 | 204554703 | 密集书库/ [索取号:H31/308:1(3)] | 在馆 |